| 000 | 00795cam a2200193 i 4500 | ||
|---|---|---|---|
| 005 | 20251108163335.0 | ||
| 008 | 250721r1996 jo gr 000 0 ara d | ||
| 082 | 1 | 4 |
_a133 _bح س ي |
| 100 | 1 |
_aحسين، جمال نصار _eمؤلف. |
|
| 245 | 1 | 2 |
_aالباراسايكولوجيا المعاصرة من الإلحاد إلى الإيمان : _bدعوة لتأسيس باراسايكولوجيا جديدة / _cد. جمال نصار حسين, لؤي فتوحي. |
| 264 | 1 |
_aعمان : _bدار الكرمل، _c[1996]. |
|
| 300 | _a94 صفحة. | ||
| 650 | 1 | 7 | _aعلم نفس التخاطر. |
| 650 | 1 | 7 | _aالظواهر الطبيعية الخارقة. |
| 650 | 1 | 7 | _aالشعور الباطن. |
| 700 | 1 |
_aفتوحي، لؤي _eمؤلف. |
|
| 942 |
_2ddc _cBK |
||
| 999 |
_c229 _d229 |
||